| 000 | 00700nam a22002177a 4500 | ||
|---|---|---|---|
| 001 | 28960 | ||
| 003 | BD-RjUL | ||
| 005 | 20211209051343.0 | ||
| 008 | 140401s1965 caua|||| b||| 00| 0 eng d | ||
| 035 | _a(BD-RjUL)29044 | ||
| 040 |
_aBD-RjUL _beng _cBD-RjUL |
||
| 041 | _aeng | ||
| 082 | 0 | 4 |
_a150 _bADV V-4 1965 |
| 245 |
_aAdvancing psychological science / _cedited by Richard T Louttit. _nVolume Four : _presearch in physiological psychology |
||
| 260 |
_aBelmont, Calif. : _bWadsworth Pub. Co., _c©1965. |
||
| 300 |
_ax, 141 p. : _bill. ; _c21 cm. |
||
| 504 | _aIncludes bibliographical references. | ||
| 650 | 0 |
_aPsychophysiology. _988481 |
|
| 700 | 1 |
_aLouttit, Richard T. _988482 |
|
| 942 |
_2ddc _cBK |
||
| 999 |
_c28960 _d28960 |
||